| 000 | 00824nam a2200253Ia 4500 | ||
|---|---|---|---|
| 003 | PE SENCICO BE | ||
| 005 | 20251020182437.0 | ||
| 008 | 200515s9999 xx 000 0 und d | ||
| 020 | _a978-968-24-8157-4 | ||
| 040 |
_cPE SENCICO BE _bPE SENCICO BE |
||
| 041 | _aspa | ||
| 082 |
_a516.22 _bB38 |
||
| 100 | 1 |
_aBenitez, René _93177 _eautor |
|
| 245 | 1 | 0 |
_aGeometría plana / _cRené Benitez |
| 250 | _a1a ed. | ||
| 260 |
_aMéxico, D. F. : _bTrillas ; _c2007 |
||
| 300 |
_a251 páginas : _bdiagramas ; _c27 cm. |
||
| 505 | 0 | _aCongruencias y desigualdades -- Paralelas y paralelogramos -- El círculo -- Semejanza -- Construcciones básicas con regla y compás. | |
| 650 | 1 | 0 |
_aGeometría plana _91020 |
| 650 | 2 | 0 |
_aGeometría _921 |
| 650 | 2 | 0 |
_aMatemáticas _92106 |
| 650 | 2 | 0 |
_aPolígonos _93141 |
| 942 |
_cLIB _2ddc |
||
| 999 |
_c426 _d426 |
||